I Martiri Della Vita Di Non E la reazione pagana alla fine del iv secolo

Uloženo v:
Podrobná bibliografie
Hlavní autor: Franca Bottari
Médium: Kniha
Jazyk:neznámý jazyk
Vydáno: Istituto Di Scenze Religiose
Tagy: Přidat tag
Žádné tagy, Buďte první, kdo vytvoří štítek k tomuto záznamu!

MARC

LEADER 00000nam a2200000Ia 4500
001 R-67
003 CODICE-MESSINA
005 20260212102446.0
008 260211s9999 xx 000 0 und d
040 |c importazione_messina 
100 |a Franca Bottari 
245 0 |a I Martiri Della Vita Di Non 
245 0 |b E la reazione pagana alla fine del iv secolo 
260 |b Istituto Di Scenze Religiose  
942 |2 ddc  |c BK 
952 |0 0  |1 0  |2 ddc  |4 0  |6 SCAFFALE_1_000000000000000__RELIGIONE  |7 0  |9 30884  |a ME  |b ME  |d 2026-02-11  |l 0  |o SCAFFALE 1 - RELIGIONE  |p R-67  |r 2026-02-11 23:52:11  |w 2026-02-11  |x [REVISIONARE]  |y BK 
999 |c 26548  |d 26548